Дело по отношению инженер-генерала графа Оппермана об истребовании от гражданских губернаторов о ценах, существующих на квартиры...

Доступно только в Электронных читальных залах Найти на картеНа карте
RUSMARC
00003588nmc2a2200000 x 450
00152781e17-22bf-474f-9ecc-a4ee8e02745e
00520160621135304.0
100##$a20151006l18301831k l0rusy0189 ca
1010#$arus
102##$aRU
2001#$aДело по отношению инженер-генерала графа Оппермана об истребовании от гражданских губернаторов о ценах, существующих на квартиры в губернских и уездных городах
$j20 мая 1830 г. - 4 января 1831 г.
251##$cДело
300##$aДело
801#0$aRU
$bРГИА
$c20151006
$gRCR
801#1$aRU
$bГлавНИВЦ
$c20151006
$2rusmarc
801#2$aRU
$bПБ им. Б.Н. Ельцина
$c20160621
$gRCR
$2rusmarc
850##$aРГИА
852##$aРГИА
$eФедеральное казенное учреждение "Российский государственный исторический архив" (РГИА)
$j601
937##$hРГИА
$d12168564
$aASBIBLIO_SCAN
461#0$10013e300ed0-cd39-49af-8489-5ba5b90fa401
$12001
$aДепартамент полиции исполнительной МВД
$1251
$cФонд
$1852
$j1286
215##$a243 л.
$d36,5х26 см
371##$aДокумент не является опубликованным и широко распространяемым
105##$ay###
1222#$ad
462#0$100100aa35af-4d9c-4c15-add6-f4c7b29d26b9
$12001
$a1830-1834 гг. Дела Департамента полиции исполнительной МВД за 1830 г.
$1251
$cОпись
$1852
$j5
035##$a52781e17-22bf-474f-9ecc-a4ee8e02745e
Формат отображения